Countries with Forced Labor - Statistics

General Stats
  • This quiz has been taken 26 times
    19 since last reset
  • The average score is 31 of 41
Answer Stats
Country/Area Good(s) % Correct
Brazil Cattle | Charcoal | Coffee | Garments | Sugarcane | Timber
93%
China Artificial Flowers | Bricks | Christmas Decorations | Coal | Cotton | Electronics | Fireworks | Fish | Footwear | Garments | Gloves | Hair Products | Nails | Polysilicon | Textiles | Toys | Tomato Products | Thread/Yarn
93%
Democratic Republic of the Congo Gold | Tantalum ore (coltan) | Tin ore (cassiterite) | Tungsten ore (wolframite)
93%
India Bricks | Carpets | Cottonseed (hybrid) | Embellished Textiles | Garments | Rice | Sandstone | Stones | Tea | Thread/Yarn
93%
Niger Cattle
93%
Russia Bricks | Pornography | Timber
93%
Tajikistan Cotton
93%
Uzbekistan Silk Cocoons
93%
Ethiopia Textiles (hand-woven)
87%
Indonesia Fish | Palm Fruit
87%
Malaysia Electronics | Garments | Palm Fruit | Rubber Gloves
87%
Nigeria Cocoa | Granite | Gravel (crushed stones)
87%
North Korea Bricks | Cement | Coal | Gold | Iron | Textiles | Timber
87%
Thailand Fish | Garments | Shrimp
87%
Angola Diamonds
80%
Bangladesh Dried Fish | Garments
80%
Bolivia Brazil Nuts/Chestnuts | Cattle | Corn | Peanuts | Sugarcane
80%
Burma Bamboo | Beans (green, soy, yellow) | Bricks | Jade | Palm Thatch | Rice | Rubber | Rubies | Sesame | Shrimp | Sugarcane | Sunflowers | Teak
80%
Cambodia Bricks
80%
Ghana Fish | Tilapia (fish)
80%
Kazakhstan Cotton
80%
Peru Brazil Nuts/Chestnuts | Gold | Timber
80%
Turkmenistan Cotton
80%
Venezuela Gold
80%
Vietnam Garments
80%
Afghanistan Bricks
73%
Argentina Garments
73%
Colombia Coca (stimulant plant)
73%
Malawi Tobacco
73%
Mali Rice
73%
Nepal Bricks | Carpets | Embellished Textiles | Stones
73%
Pakistan Bricks | Carpets | Coal | Cotton | Sugarcane | Wheat
73%
Burkina Faso Cotton | Gold
60%
Paraguay Cattle
60%
Cote d'Ivoire Cocoa | Coffee
53%
Dominican Republic Sugarcane
53%
Mexico Chile Peppers | Tomatoes
53%
Taiwan Fish
53%
Benin Cotton
47%
Sierra Leone Diamonds
47%
South Sudan Cattle
33%
No matching quizzes found
Score Distribution
Percent of People with Each Score
Percentile by Number Answered
Your Score History
You have not taken this quiz since the last reset